| Tag |
First Indicator |
Second Indicator |
Subfields |
| LEADER |
00000cam a2200000 i 4500 |
| 001 |
in00000052224 |
| 005 |
20151007070032.0 |
| 008 |
790228s1949 ag r 00010 spa |
| 010 |
|
|
|a 78400057
|
| 035 |
|
|
|a (OCoLC)04777070
|
| 035 |
|
|
|9 AAE3204AM
|
| 040 |
|
|
|a DLC
|c DLC
|d TXA
|d UtOrBLW
|
| 043 |
|
|
|a cl-----
|
| 049 |
|
|
|a TXAM
|c [197696]
|
| 050 |
0 |
0 |
|a QH35
|b .M37
|
| 082 |
0 |
|
|a 500.9/0258
|
| 092 |
|
|
|a 506.28
|b M385g
|
| 100 |
1 |
|
|a Martínez Fontes, Elena.
|
| 245 |
1 |
0 |
|a Guia de naturalistas sudamericanos /
|c Elena Martinez Fontes, Juan Jose Parodiz.
|
| 264 |
|
1 |
|a Buenos Aires :
|b [publisher not identified],
|c 1949.
|
| 300 |
|
|
|a 138 pages ;
|c 18 cm.
|
| 336 |
|
|
|a text
|b txt
|2 rdacontent
|
| 337 |
|
|
|a unmediated
|b n
|2 rdamedia
|
| 338 |
|
|
|a volume
|b nc
|2 rdacarrier
|
| 500 |
|
|
|a "Nombres, direcciones y especialidades de professionales y amateurs en ciencias naturales, instituciones y publicaciones de toda Sud America, incluyendo Centro America, Antillas y Mexico."
|
| 650 |
|
0 |
|a Naturalists
|z Latin America.
|
| 650 |
|
0 |
|a Scientists
|v Directories.
|
| 650 |
|
0 |
|a Scientists, Spanish American
|x Directories.
|
| 651 |
|
0 |
|a Latin America
|x Learned institutions and societies.
|
| 700 |
1 |
|
|a Parodiz, Juan J.
|q (Juan José)
|
| 999 |
|
|
|a MARS
|
| 999 |
f |
f |
|s 5f11e9ab-e425-3159-97a6-2d4e58fd7c72
|i 29498a65-eae9-3e73-ba41-b10632dd7866
|t 0
|
| 952 |
f |
f |
|p ric
|a Texas A&M University
|b Rellis Campus
|c Joint Library Facility
|d Remote Storage
|t 0
|e QH35 .M37
|h Library of Congress classification
|i unmediated -- volume
|m A14800893557
|
| 998 |
f |
f |
|a QH35 .M37
|t 0
|l Remote Storage
|